Paolo. Sui passi dell'Apostolo Paolo a Roma. (Record no. 98660)

MARC details
000 -LEADER
fixed length control field 00678nam a22001577a 4500
003 - CONTROL NUMBER IDENTIFIER
control field IT-RoPau
005 - DATE AND TIME OF LATEST TRANSACTION
control field 20220918181107.0
008 - FIXED-LENGTH DATA ELEMENTS--GENERAL INFORMATION
fixed length control field 130531b xxu||||| |||| 00| 0 eng d
040 ## - CATALOGING SOURCE
Transcribing agency IT-RoPau
245 ## - TITLE STATEMENT
Title Paolo. Sui passi dell'Apostolo Paolo a Roma.
Remainder of title Week-end con San Paolo per i giovani
260 ## - PUBLICATION, DISTRIBUTION, ETC. (IMPRINT)
Place of publication, distribution, etc. Roma
Name of publisher, distributor, etc. ?
Date of publication, distribution, etc. ?
300 ## - PHYSICAL DESCRIPTION
Extent 66 p.
Dimensions 21 cm
490 ## - SERIES STATEMENT
Series statement Anno Paolino 2008 / 2009
520 ## - SUMMARY, ETC.
Summary, etc. Indice<br/><br/>Anno Paolino<br/>La vita di Paolo<br/>Primo giorno: Una vita per i fratelli<br/>Secondo giorno: La testimonianza più alta<br/>Terzo giorno: In comunione di fede e di amore<br/>Appendice / Sussidi<br/>Veglia di preghiera serale<br/>Liturgia penitenziale<br/>Messa votiva a S. Paolo<br/>
942 ## - ADDED ENTRY ELEMENTS (KOHA)
Source of classification or shelving scheme Dewey Decimal Classification
Koha item type LIBRO
Holdings
Withdrawn status Lost status Source of classification or shelving scheme Damaged status Not for loan Home library Current library Date acquired Total Checkouts Full call number Date last seen Price effective from Koha item type
    Dewey Decimal Classification Buone Condizioni Not For Loan PAULUS-BIBLIOTECA PAULUS-BIBLIOTECA 31/05/2013   P D1 31/05/2013 31/05/2013 LIBRO
    Dewey Decimal Classification Buone Condizioni Not For Loan PAULUS-BIBLIOTECA PAULUS-BIBLIOTECA 31/05/2013   P D1 31/05/2013 31/05/2013 LIBRO
    Dewey Decimal Classification Buone Condizioni Not For Loan PAULUS-BIBLIOTECA PAULUS-BIBLIOTECA 31/05/2013   P D1 31/05/2013 31/05/2013 LIBRO
    Dewey Decimal Classification Buone Condizioni Not For Loan PAULUS-BIBLIOTECA PAULUS-BIBLIOTECA 31/05/2013   P D1 31/05/2013 31/05/2013 LIBRO
    Dewey Decimal Classification Buone Condizioni Not For Loan PAULUS-BIBLIOTECA PAULUS-BIBLIOTECA 31/05/2013   P D1 31/05/2013 31/05/2013 LIBRO
    Dewey Decimal Classification Buone Condizioni Not For Loan PAULUS-BIBLIOTECA PAULUS-BIBLIOTECA 31/05/2013   P D1 31/05/2013 31/05/2013 LIBRO
CREDITS: SOCIETA' SAN PAOLO Via A.Severo, 58 - ROMA (RM) & PERIODICI SAN PAOLO SRL Via Giotto, 36 MILANO & CISF Via Giotto, 36 MILANO & EDIZIONI SAN PAOLO SRL,  Piazza Soncino, 5 CINISELLO BALSAMO (MI) -- ITALY